[Event "Morelia/Linares 24th"]
[Site "Morelia/Linares"]
[Date "2007.02.17"]
[Round "1"]
[White "Topalov, Veselin"]
[Black "Anand, Viswanathan"]
[Result "1/2-1/2"]
[WhiteElo "2783"]
[BlackElo "2779"]
[Annotator "Marin,M"]
[PlyCount "60"]
[EventDate "2007.02.17"]
[EventType "tourn"]
[EventRounds "14"]
[EventCountry "ESP"]
[EventCategory "20"]
[SourceTitle "CBM 117"]
[Source "ChessBase"]
[SourceDate "2007.03.30"]
[SourceVersion "1"]
[SourceVersionDate "2007.03.30"]
[SourceQuality "1"]

1. d4 Nf6 2. c4 e6 3. Nf3 b6 4. g3 Ba6 5. b3 Bb4+ 6. Bd2 Be7 7. Bg2 c6 8. Bc3
d5 9. Ne5 Nfd7 10. Nxd7 Nxd7 11. Nd2 {For Topalov, this variation has been a
fertile territory for research and innovating along the past years.} O-O 12.
O-O Nf6 13. e4 dxe4 14. Nxe4 b5 15. Qe2 $146 ({This new move leads to an
interesting position. Previously,} 15. Nc5 {had been played, when after} Bxc5
16. dxc5 bxc4 17. Qe2 Nd5 18. Be5 Qg5 19. Bd6 Rfd8 20. bxc4 {White was in
complete control in the game L'Ami-Iordachescu, Vlissingen 2006. 17...Qd3
looks like an improvement for Black.}) 15... bxc4 16. Rfd1 Nd5 17. Be1 Nb6 {
A paradoxical situation: For White, it will not be easy to win the pawn back
without making certain strategic concessions, but for Black it will be just as
difficult to give his minimal material advantage a stable character!} 18. Nc5
Qc8 19. Nxa6 Qxa6 20. a4 ({A logical move, which, however, weakens the
queenside dark squares. The simplistic} 20. Bxc6 {would have allowed Black
activate his play with} Rac8) 20... Rab8 21. Bf3 Bf6 22. Rac1 Nd5 23. Qxc4 Qb7
24. Qxc6 Qxb3 25. Be4 Nb4 26. Qd7 a5 27. Rb1 Qa2 28. Qa7 Qxa4 29. Ra1 Qb5 30.
Qxa5 Nd5 1/2-1/2

[Event "Morelia/Linares 24th"]
[Site "Morelia/Linares"]
[Date "2007.02.19"]
[Round "3"]
[White "Topalov, Veselin"]
[Black "Leko, Peter"]
[Result "1/2-1/2"]
[WhiteElo "2783"]
[BlackElo "2749"]
[Annotator "Marin,M"]
[PlyCount "77"]
[EventDate "2007.02.17"]
[EventType "tourn"]
[EventRounds "14"]
[EventCountry "ESP"]
[EventCategory "20"]
[SourceTitle "CBM 117"]
[Source "ChessBase"]
[SourceDate "2007.03.30"]
[SourceVersion "1"]
[SourceVersionDate "2007.03.30"]
[SourceQuality "1"]

1. d4 Nf6 2. c4 e6 3. Nf3 b6 4. g3 Ba6 5. b3 Bb4+ 6. Bd2 Be7 7. Bg2 c6 8. Bc3
d5 9. Ne5 Nfd7 10. Nxd7 Nxd7 11. Nd2 O-O 12. O-O Rc8 ({Deviating from the game
Topalov-Anand from the first round, where} 12... Nf6 {was played.}) 13. e4 c5
14. exd5 exd5 15. dxc5 dxc4 16. c6 cxb3 17. Re1 b2 18. Bxb2 Nc5 19. Nb3 ({
One of Topalov's most memorable games went} 19. Nc4 Bxc4 20. Qg4 Bg5 21. Qxc4
Nd3 22. Ba3 Nxe1 23. Rxe1 Re8 24. Rxe8+ Qxe8 25. Bd5 {Topalov-Anand, San Luis
2005. White willingly entered a position where he is an exchange down, without
having any immediate threats. The further course of the game justified
Topalov's opening play, although Anand managed to survive miraculously.}) 19...
Nd3 20. Re2 Nxb2 ({We can suppose that Topalov had found an improvement over} 
20... Bb4 {, which soon led to a draw in Nielsen-Leko, Monte Carlo 2006.}) 21.
Rxb2 Qxd1+ 22. Rxd1 Rfd8 ({A logical novelty. Black simplifies his defensive
task by exchanging rooks. Previously} 22... Bf6 {had been played.}) 23. Rbd2
Rxd2 24. Rxd2 Rd8 25. Rxd8+ Bxd8 {Black is out of danger here. The pair of
bishops keep the white knight and the far advanced pawn under control.} 26. Nd4
Bc4 27. a4 Kf8 28. Nb5 {Practically forcing a draw. White had to hurry with
provoking this exchange, because otherwise the centralisation of the enemy
king would have endangered the c-pawn.} Bxb5 29. axb5 {The rest of the game
was played by inertia, or, to be more precise, according to the Sofia rule.}
Ke7 30. f4 Bc7 31. Kf2 h6 32. h4 f5 33. h5 Kf6 34. Bf1 Bd6 35. Ke3 Bc7 36. Kd4
Bd6 37. Kd5 Bc7 38. Bd3 Bb8 39. Bc2 1/2-1/2

[Event "Morelia/Linares 24th"]
[Site "Morelia/Linares"]
[Date "2007.03.03"]
[Round "9"]
[White "Morozevich, Alexander"]
[Black "Leko, Peter"]
[Result "1-0"]
[WhiteElo "2741"]
[BlackElo "2749"]
[Annotator "Marin,M"]
[PlyCount "91"]
[EventDate "2007.02.17"]
[EventType "tourn"]
[EventRounds "14"]
[EventCountry "ESP"]
[EventCategory "20"]
[SourceTitle "CBM 117"]
[Source "ChessBase"]
[SourceDate "2007.03.30"]
[SourceVersion "1"]
[SourceVersionDate "2007.03.30"]
[SourceQuality "1"]

1. d4 Nf6 2. c4 e6 3. Nf3 b6 4. g3 Ba6 5. Qb3 Be7 ({In the main lines,
starting with} 5... Nc6 {, Black would have to play ...d5 at a later moment,
when the placement of the knight in the front of the c-pawn leaves Black with
some problems of coordination. The move chosen by Leko is in the spirit of
hypermodern chess: White is allowed to build up an impressive pawn centre,
which, hopefully, will give Black a target for counterattack.}) 6. Nc3 O-O ({
Same policy. Another possible continuation is} 6... Bb7 7. Bg2 Nc6 {and now} 8.
Qd1 $1 {parries Black's bth threats, 8...Nxd4 and 8...Na5 9.Qa4 Bc6 followed
by 10...Nxc4. After} Na5 9. b3 d5 10. cxd5 exd5 11. O-O O-O 12. Bb2 c5 13. dxc5
bxc5 14. e3 {Black had the same kind of problems as in the main line,
Beliavsky-Nikolic, Celje 2003.}) 7. e4 c5 ({A novelty over} 7... Bb7 {which
did not prove entirely adequate after} 8. d5 exd5 9. exd5 c6 10. Bg2 Na6 11.
O-O Nc5 12. Qd1 cxd5 13. cxd5 Nce4 14. Nh4 Nxc3 15. bxc3 Bc5 16. Nf5 Re8 17. c4
d6 18. Bb2 Bc8 19. Nd4 Bxd4 20. Qxd4 {. White has managed to consolidate his
advantage of space, while the pressure along the a1-h8 diagonal is quite
annoying for Black, Lautier-Sokolov, Aix les Bains 2003.}) 8. d5 exd5 9. exd5 {
Black has managed to stabilize the situation in the centre, but faces the
difficult task of activating his queen's bishop.} Re8 10. Bd3 Bf8+ 11. Kf1 d6
12. Kg2 Nbd7 13. h4 g6 14. Qa4 Bb7 15. h5 Nxh5 $4 ({Equivalent to positional
suicide. Instead of allowing his kingside fall apart, Black should have
strived for queenside counterplay with} 15... a6 {. White would have had to
consolidate his d5-pawn with} 16. Qc2 b5 17. b3 {but after, say,} Bg7 18. hxg6
hxg6 19. Bg5 Qc7 {followed by ...Ne5, Black's position would have been viable.
In certain cases, ...b4 followed by ...Nxd5 could be strong.}) 16. Rxh5 $1 {
It is hard to refrain from such a move, of course. I wonder whether Leko
underestimated the force of the sacrifice or simply considered his position
very bad anyway when capturing on h5 with the knight.} gxh5 17. Ne4 f5 18. Neg5
h6 19. Nh3 Ne5 20. Nxe5 dxe5 21. Bxf5 Qf6 22. Be4 Re7 23. Qd1 h4 24. Qh5 hxg3
25. fxg3 Rg7 26. Bd2 Qf7 27. Qe2 Bc8 28. Nf2 Bf5 29. Bxf5 Qxf5 30. Ne4 {
Black has managed to exchange his passive bishop, but White's domination has
not been released in any way. The next phase of the game features the massive
invasion of White's pieces.} Rf7 31. Rh1 Qg6 32. Rh4 Kh8 33. Ng5 Rf5 34. Ne6 {
It becomes clear already that Black is in ig trouble.} h5 35. Bg5 Kg8 36. Rxh5
{And now, the material situation has become almost equal, without bringing any
relief for Black.} Re8 37. g4 Rf7 38. Bh4 Bg7 39. Rg5 Qh6 40. Qxe5 Kh8 41. Rxg7
$1 {It is not difficult to see that this wins.} Qd2+ 42. Kh3 Qd3+ 43. Bg3 Rxe6
44. dxe6 Rxg7 45. e7 Qh7+ 46. Kg2 {and for the first time in this tournament,
Morozevich' original and enterprising play has been crowned with success.} 1-0

[Event "Morelia/Linares 24th"]
[Site "Morelia/Linares"]
[Date "2007.03.10"]
[Round "14"]
[White "Topalov, Veselin"]
[Black "Aronian, Levon"]
[Result "1/2-1/2"]
[WhiteElo "2783"]
[BlackElo "2744"]
[Annotator "Marin,M"]
[PlyCount "39"]
[EventDate "2007.02.17"]
[EventType "tourn"]
[EventRounds "14"]
[EventCountry "ESP"]
[EventCategory "20"]
[SourceTitle "CBM 117"]
[Source "ChessBase"]
[SourceDate "2007.03.30"]
[SourceVersion "1"]
[SourceVersionDate "2007.03.30"]
[SourceQuality "1"]

1. d4 Nf6 2. c4 e6 3. Nf3 b6 4. g3 Ba6 5. b3 Bb4+ 6. Bd2 Be7 7. Bg2 c6 8. Bc3
d5 9. Ne5 Nfd7 10. Nxd7 Nxd7 11. Nd2 O-O 12. O-O Rc8 13. e4 c5 14. exd5 exd5
15. dxc5 dxc4 16. cxb6 Nxb6 17. Re1 cxb3 18. Qxb3 Nd7 19. Ne4 Nc5 20. Nxc5 {
A surprisingly short draw, if we consider who is playing with the white pieces.
Topalov was probably too dissapointed by his general result to continue the
fight in accordance with the Sofia rule.} 1/2-1/2

[Event "EU-ch 11th"]
[Site "Rijeka"]
[Date "2010.03.09"]
[Round "4"]
[White "Delchev, Aleksander"]
[Black "Podolchenko, Evgeniy"]
[Result "1/2-1/2"]
[WhiteElo "2625"]
[BlackElo "2502"]
[Annotator "Marin,M"]
[PlyCount "101"]
[EventDate "2010.03.06"]
[EventType "swiss"]
[EventRounds "11"]
[EventCountry "CRO"]
[SourceTitle "CBM 136"]
[Source "ChessBase"]
[SourceDate "2010.05.18"]
[SourceVersion "1"]
[SourceVersionDate "2010.05.18"]
[SourceQuality "1"]

1. d4 Nf6 2. c4 e6 3. Nf3 b6 4. g3 Ba6 5. Qc2 Bb4+ 6. Bd2 Be7 7. Bg2 Bb7 $2 {
Apparently, Black is not too well wersed in the subtleties of the Queen's
Indian. After this willing retreat of the bishop, he will be one or two tempi
down if compared to normal lines.} (7... O-O 8. O-O c6 9. b3 d5 {would lead by
a huge transposition to a popular tabyia of the 5.b3 system, which is typical
rather for the Catalan opening.}) 8. Nc3 d5 9. cxd5 Nxd5 $146 (9... exd5 {
was played in a few irrelevant games, but is unsound. Even if he will have to
activate the d2-bishop, White still will be a tempo up compared to the normal
lines.}) 10. Nxd5 Bxd5 11. O-O Nd7 12. e4 Bb7 {As a consequence of the time
lost with his bishops, Black is well behind in development.} 13. Rad1 ({To me,
} 13. Rfd1 O-O 14. Rac1 {looks like a more natural setup for the rooks.} c5 (
14... c6 15. Be3 a5 16. Nd2 $16) (14... Rc8 15. b4 c5 16. dxc5 bxc5 17. b5 $16
{[%cal Gd2c3,Gf3d2,Gd2c4,Gc2a4]}) 15. Bc3 $16) 13... O-O 14. Bc3 c6 15. Rfe1 a5
16. d5 $6 {Helping Black to free himself.} ({White remains in control after} 
16. Nd2 Qc7 17. Nc4 b5 18. Ne3 $14 {, since ...c5 would always be met by d4-d5!
}) 16... cxd5 17. exd5 Bxd5 18. Ne5 Nxe5 19. Bxd5 $6 (19. Rxe5 Qc7 20. Bxd5
exd5 21. Rexd5 Rad8 $11) 19... Qxd5 20. Rxd5 Nf3+ 21. Kf1 Nxe1 22. Qe2 exd5 23.
Qg4 f6 24. Qe6+ Kh8 25. Kxe1 Rfd8 26. Qxb6 Bb4 $15 {With a small material
advantage for Black.} 27. Kf1 Bxc3 28. bxc3 a4 29. h4 a3 30. h5 h6 31. Qc5 Ra4
32. Kg2 Rc4 33. Qxa3 Rdc8 34. Qd6 Rxc3 35. Qxd5 Ra3 36. g4 Rca8 37. f3 Rxa2+
38. Kg3 R2a3 39. Qe4 R3a5 40. Qe6 Re5 41. Qc6 Rd8 42. Qc3 Red5 43. Qc2 f5 44.
gxf5 Rf8 45. Kg4 Rdd8 46. Qc5 Rf6 47. Qc2 Ra8 48. Qb1 Kh7 49. f4 Ra5 50. Qc2
Ra1 51. Qe4 1/2-1/2